000 00777nam a2200229Ii 4500
003 JO-AjNU
008 230605s9999||||xx |||||||||||||| ||und||
017 _a2002/6/1546
020 _a9957-03-016-7
040 _aJO-AjNU
_bara
_erda
_cJO-AjNU
041 _aara
050 1 4 _aPR33.M34 2007
100 3 _aأوستن، جين ؛ ترجمة فاروق مجدلاوي ,
_eauthor
_911978
245 0 0 _aالعقل والعاطفة = SENSE AND SENSIBILITY
250 _aط1
264 3 1 _aعمان: روائع مجدلاوي للنشر والتوزيع، 2007
300 _a192ص
336 _atext
_btxt
_2rdacontent
337 _aunmediated
_bn
_2rdamedia
338 _avolume
_bnc
_2rdacarrier
650 4 _aالأدب العربي - ترجمة - قصص إنجليزية
_911979
999 _aA2601
_c6169
_d6169